NBA Team Quiz - Cleveland Cavaliers - Statistics

General Stats
  • This quiz has been taken 241 times
  • The average score is 5 of 14
Answer Stats
Questions Answer % Correct
Who won the MVP in 2009? (Put last name) LeBron James
87%
What position does Kevin Love play as? Center
68%
When did they win their first championship? 2016
60%
How tall is J.R Smith? 6'6
55%
Current Head coach? (2016) Tyronn Lue
55%
What number does Richard Jefferson wear? 24
50%
What is the current name of their Arena? Quicken Loans
35%
What number did Dell Curry wear? 25
29%
Cavaliers have the _nd oldest player average in the NBA. 2nd
29%
Who was the first person on the Cavaliers to win ROTY? LeBron James
27%
Who wears number 4 on the Cavaliers? Iman Shumpert
18%
Who wore the number 42 and has a retired #? Nate Thurmond
6%
Who are rivals of the Cavaliers? Boston Celtics
5%
How many points did Brad Daughtery score in 1990-91 season? 1645
1%
No matching quizzes found
Score Distribution
Percent of People with Each Score
Percentile by Number Answered
Your Score History
You have not taken this quiz